| 000 | 00591nam a22002057a 4500 | ||
|---|---|---|---|
| 999 |
_c19507 _d19507 |
||
| 003 | AR-CdUCM | ||
| 008 | 190227b ||||| |||| 00| 0 spa d | ||
| 040 |
_aMUNICIPALIDAD PROVINCIAL DEL CUSCO _cBIBLIOTECA MUNICIPAL DEL CUSCO |
||
| 082 |
_a869.56 / _bB25 |
||
| 100 |
_aBarreto, Federico _96096 |
||
| 245 | _aPoesía / | ||
| 260 |
_aLima : _bBanco continental, _c1993. |
||
| 300 |
_a161 páginas ; _c25 cm. |
||
| 505 | _aContenido : Poesías. | ||
| 650 |
_aLiteratura peruana _9169 |
||
| 650 |
_aPoesía _9139 |
||
| 650 |
_aPoesía siglo XX _91708 |
||
| 942 |
_2ddc _cLIBROS |
||
| 945 | _arcc | ||